003970000a2200121000450024501180000065000230011865000110014165000230015265100170017504100130019210000190020577300510022410aStudies of mineral cycling in a montane rain forest in New Guinea: II. The production and disappearance of litter14aBosques tropicales14aSuelos14aAnalisis del suelo 4pNueva Guinea0 aInglés1 aEdwards, P. J.1 tJournal of Ecology3249h65q971-992d1977g65